00326cam a2200145ua 45000010005000000080039000050400009000440410012000530820016000651000017000812450019000982600032001173000017001496530014001666877120717n1989 II |||gr||||Z||||||asm aMAIN aEnglish a891.458 BOR aBORA, MOHIM. aCHINTA BISITRA aAGRAbRATAN PRAKASHANc1989 a245.:c22CM. aPrabandha